Economics: Canada in the global environment with additional material (Record no. 1750)

000 -LEADER
fixed length control field 01103nam a22002417a 4500
003 - CONTROL NUMBER IDENTIFIER
control field OSt
005 - DATE AND TIME OF LATEST TRANSACTION
control field 20210630061007.0
008 - FIXED-LENGTH DATA ELEMENTS--GENERAL INFORMATION
fixed length control field 210630b ||||| |||| 00| 0 eng d
020 ## - INTERNATIONAL STANDARD BOOK NUMBER
International Standard Book Number 9781256847045
040 ## - CATALOGING SOURCE
Transcribing agency ALUPE UNIVERSITY
050 ## - LIBRARY OF CONGRESS CALL NUMBER
Classification number HB171.5
Item number .P37 2013
100 ## - MAIN ENTRY--PERSONAL NAME
Personal name Michael Parkin
245 ## - TITLE STATEMENT
Title Economics: Canada in the global environment with additional material
250 ## - EDITION STATEMENT
Edition statement Custom Edition
260 ## - PUBLICATION, DISTRIBUTION, ETC.
Place of publication, distribution, etc. Boston, Mass
Name of publisher, distributor, etc. Pearson
Date of publication, distribution, etc. 2013
300 ## - PHYSICAL DESCRIPTION
Extent xvi, 772, m-8 pages : illustrations (chiefly color), portraits (some color) ; 26 cm
650 ## - SUBJECT ADDED ENTRY--TOPICAL TERM
Topical term or geographic name entry element Economics.
650 ## - SUBJECT ADDED ENTRY--TOPICAL TERM
Form subdivision Canada -- Economic conditions -- 1991-
650 ## - SUBJECT ADDED ENTRY--TOPICAL TERM
Form subdivision Economic history.
700 ## - ADDED ENTRY--PERSONAL NAME
Personal name Robin Bade
942 ## - ADDED ENTRY ELEMENTS (KOHA)
Source of classification or shelving scheme
Koha item type Book
Suppress in OPAC MW
Holdings
Withdrawn status Lost status Source of classification or shelving scheme Damaged status Not for loan Permanent Location Current Location Shelving location Date acquired Total Checkouts Full call number Barcode Date last seen Price effective from Koha item type Public note
          AU LIBRARY AU LIBRARY Open Shelf 30.06.2021   HB171.5 .P37 2013 28001054 30.06.2021 30.06.2021 Book MW

Powered by Koha